1789 : फ्रांस की क्रांति / (Record no. 45647)

MARC details
000 -LEADER
fixed length control field 01142nam a22002657a 4500
005 - DATE AND TIME OF LATEST TRANSACTION
control field 20100910150449.0
008 - FIXED-LENGTH DATA ELEMENTS--GENERAL INFORMATION
fixed length control field 100910t xxu||||| |||| 00| 0 hin d
010 ## - LCCN (DPL NO)
LC control number HIN-90466
020 ## - INTERNATIONAL STANDARD BOOK NUMBER
Terms of availability 65.00
International Standard Book Number 9788123757797
035 ## - SYSTEM CONTROL NUMBER
System control number HN-62812
037 ## - SOURCE OF ACQUISITION
Source of stock number/acquisition DBAD / PUB
040 b# - CATALOGING SOURCE
Original cataloging agency DPL
Language of cataloging HN
082 ## - DEWEY DECIMAL CLASSIFICATION NUMBER
Classification number 973.31
100 ## - MAIN ENTRY--PERSONAL NAME
9 (RLIN) 19362
Personal name प्रमोद कुमार
245 ## - TITLE STATEMENT
Title 1789 : फ्रांस की क्रांति /
Statement of responsibility, etc प्रमोद कुमार
246 ## - VARYING FORM OF TITLE
Title proper/short title 1789: France ki kranti
Remainder of title by Parmod Kumar
260 ## - PUBLICATION, DISTRIBUTION, ETC. (IMPRINT)
Place of publication, distribution, etc नई दिल्ली
Name of publisher, distributor, etc नेशनल बुक ट्रस्ट
Date of publication, distribution, etc 2010
270 ## - ADDRESS
City नई दिल्ली
Address 5, इंडस्ट्रियल एरिया, फेज-11वसंत कुंज
Postal code 110070
300 ## - PHYSICAL DESCRIPTION
Extent 174पृ.
Dimensions 22सेमी (अजिल्द)
650 ## - SUBJECT ADDED ENTRY--TOPICAL TERM
9 (RLIN) 1169
700 ## - ADDED ENTRY--PERSONAL NAME
9 (RLIN) 19359
700 ## - ADDED ENTRY--PERSONAL NAME
9 (RLIN) 19788
942 ## - ADDED ENTRY ELEMENTS (KOHA)
Source of classification or shelving scheme Dewey Decimal Classification
Item type Hindi Books
Call number suffix प्रमोद
Classification part 973.31
Holdings
Withdrawn status Lost status Source of classification or shelving scheme Damaged status Not for loan Collection code Home library Current library Date acquired Source of acquisition Cost, normal purchase price Total Checkouts Full call number Barcode Date last seen Copy number Cost, replacement price Koha item type
    Dewey Decimal Classification   Not For Loan Non-fiction D.B.Act.Division D.B.Act.Division 14/09/2010 DBAD / PUB 65.00   973.31 प्रमोद HN-62812 14/09/2010 1 65.00 Hindi Books

© Delhi Public Library
Hit Counter
free hit counter